000 01602nam a2200361 i 4500
999 _c65568
_d65568
001 768714001
003 CO-MdFUSB
005 20200723124631.0
007 ta
008 200330t2001 -us |||| |||| 00| 0 eng d
020 _a9781565635470
040 _aCO-MdFUSB
_bspa
_cCO-MdFUSB
_dCO-MdFUSBC
_erda
041 _aeng
082 _223
_a296.08209014
_bIL27
100 _aIlan, Ṭal.
_eautor
245 _aIntegrating women into second temple history
_c/ Ṭal Ilan.
264 1 _aEstados Unidos :
_bHendrickson Publishers,
_c[2001]
264 4 _c© 2001
300 _a296 páginas
_c; 23 cm
336 _2rdacontent
_atexto
_btxt
337 _2rdamedia
_asin mediación
_bn
338 _2rdacarrier
_avolumen
_bnc
490 1 _aTexte und Studien zum antiken Judentum,
500 _aColección Dawn Christina Harrell
505 _aMujeres y sectas: El miedo mordió a los fariseos. -- Las hijas de Israel no son licenciosas. -- Mujeres y fuentes: Cosas impropias de una mujer. -- ¿Y quién sabe si no has llegado al dominio en un momento como este? -- La maldad proviene de las mujeres. -- Beruriah ha hablado bien. -- Hueso de mis huesos. -- Las mujeres y los papiros del desierto de Judea: Jullia Crispina: una princesa herodiana en el archivo babatha. -- El que come en casa de su suegro en judea ... No puede traer un traje de virginidad.
563 _aRústico
650 7 _9409
_aBiografía
650 0 _9326
_aMujeres
_xAspectos religiosos
_xCristianismo
830 _aTexte und Studien zum antiken Judentum,
_v76
942 _cBK
945 _aJTF-925